Handbook of enzyme biotechnology

Uloženo v:
Podrobná bibliografie
Hlavní autor: Wiseman, Alan (Autor)
Médium: Kniha
Jazyk:angličtina
Vydáno: Chichester Ellis Horwood Limited 1985
Vydání:2a. ed
Témata:
Tagy: Přidat tag
Žádné tagy, Buďte první, kdo vytvoří štítek k tomuto záznamu!

MARC

LEADER 00000nam a2200000 a 4500
001 UCT5285
003 CL-VaPUC
008 961205e19850000UK |||||||||||||||||eng|d
082 0 4 |a 660.634  |b WIS  |2 21 
100 0 |a Wiseman, Alan  |e author  |9 374651 
245 1 0 |a Handbook of enzyme biotechnology 
250 |a 2a. ed 
300 |a 457 p 
942 |c BK 
945 |d 19961205 00:00:00  |a lriquelm 
260 |a Chichester  |b Ellis Horwood Limited  |c 1985 
650 0 |a Enzimas  |9 262984 
650 0 |a Biotecnología   |9 259561 
650 7 |a ENZIMOLOGIA  |2 CL-VaPUC  |9 263051 
650 0 |a Bioquímica clínica  |9 338522 
650 0 |a Aplicación industrial  |9 338523 
583 |a last modification  |c 19961205 00:00:00  |k Rodrigo Vera 
999 |c 254251  |d 254249 
952 |0 0  |1 0  |4 0  |6 660_634000000000000_WIS_1985  |7 0  |8 A  |9 275752  |a BIBCUR  |b BIBCUR  |d 2019-11-19  |i 2819066  |o 660.634 WIS 1985  |p 2819066  |r 2025-04-22  |w 2019-11-19  |y BK  |k QUI